| 000 | 00434nam a2200145Ia 4500 | ||
|---|---|---|---|
| 008 | 230917s9999||||xx |||||||||||||| ||und|| | ||
| 040 |
_e240490 _aMAIN |
||
| 041 | _aEnglish | ||
| 082 | _a579 J199P | ||
| 100 | _aJain, Jinender | ||
| 245 | 0 | _aProduction, characterization and potential applications of extracellular phytase from soil bacterium bacillus subtilis subsp. subtilis | |
| 260 | _c2016 | ||
| 300 | _a197 p. | ||
| 942 | _cTH | ||
| 999 |
_c126982 _d126982 |
||